000
00230nam a2200097Ia 4500
008
190216s9999||||xx |||||||||||||| ||und||
100
_a
Ramakrishnan M
245
0
_a
Shudha Jala Vidaranam
260
_b
Kerala Basha Inst
942
_c
BK
999
_c
37740
_d
37740